Statistics for 20 Most Common Surnames In Hungary

Click here to take the quiz!

General Stats

  • This quiz has been taken 66 times
  • The average score is 9 of 20

Answer Stats

HintAnswer% Correct
NNagy
95%
KKiss
81%
KKovács
81%
TTóth
78%
HHorváth
76%
SSzabó
73%
VVarga
63%
NNémeth
59%
MMolnár
53%
FFarkas
36%
LLakatos
32%
BBalogh
31%
OOláh
29%
FFekete
27%
TTakács
27%
JJuhász
22%
PPapp
17%
RRácz
12%
MMészáros
8%
SSimon
3%

Score Distribution

Percentile by Number Answered

Percent of People with Each Score

Your Score History

You have not taken this quiz